000
00202 a2200097 4500
001
9070
090
_c
7249
_d
7249
100
_a
Keats, J
245
_a
Keats poetry and prose (Transfered to SOA)
260
_b
Oxford
942
_a
NUST-CAE
999
_c
244143
_d
244143